000 01113nam a22002537a 4500
005 20090605122629.0
008 090605t xxu||||| |||| 00| 0 eng d
010 _aENG-93898-99
020 _c1000.00(each)
_a8170249473
020 _c1000.00(each)
_a8176480347
035 _aEN-77431-32
037 _bDBAD / PUB
040 _adpl
_bEnglish
082 _a647.94068
100 _aChakravarti, B.K.
245 _aHotel management theory /
_cby B.K.Chakravarti
260 _aNew Delhi
_bAPH Publishing Corporation
_c2009
270 _a5, Ansari Road, Daryaganj
_bNew Delhi
_e110002
300 _a2v.(x, 578p.; viii, 854p.)
_c25cm(Hb)
500 _aIncludes index
942 _2ddc
_cEN
_mCHA
_h647.94068
999 _c27256
_d27256